Logo BPK

Biblioteka

Politechniki Koszalińskiej

Komentarz do kodeksu cywilnego. (Rekord nr 33698)

Szczegóły MARC
000 -ETYKIETA REKORDU
podpole kontrolne o stałej długości 00702nam a2200229 i 4500
001 - NUMER KONTROLNY REKORDU
pole kontrolne bg
020 ## - MIĘDZYNARODOWY ZNORMALIZOWANY NUMER KSIĄŻKI - ISBN
ISBN 8321907490
040 ## - ŹRÓDŁO KATALOGOWANIA
Instytucja, która utworzyła rekord BPK
041 0# - KOD JĘZYKA
Kod języka tekstu pl
080 ## - UNIWERSALNA KLASYFIKACJA DZIESIĘTNA - UKD
UKD 347(438)(094.5.07)
920 ## - Międzynarodowy znormalizowany numer książki – ISBN
ISBN 83-219-0749-0
008 - POLE O STAŁEJ DŁUGOŚCI - DANE KONTROLNE
podpole kontrolne o stałej długości s pl f |000 0 pol
100 1# - NAZWA OSOBOWA
Nazwa osobowa DMOWSKI, Stanisław.
245 10 - TYTUŁ/ODPOWIEDZIALNOŚĆ
Tytuł Komentarz do kodeksu cywilnego.
Oznaczenie części/sekcji dzieła Ks. 1, Część ogólna /
Pozostałe elementy strefy tytułu i oznaczenia odpowiedzialności Stanisław Dmowski, Stanisław Rudnicki.
250 ## - STREFA WYDANIA
Oznaczenie wydania Stan prawny na dzień 1 stycznia 1998 r.
260 ## - STREFA ADRESU WYDAWNICZEGO
Miejsce wydania Warszawa :
Nazwa wydawcy/dystrybutora Wydaw. Prawnicze,
Data publikacji, dystrybucji/powstania dokumentu 1998.
300 ## - STREFA OPISU FIZYCZNEGO
Objętość 286, [2] s. ;
Rozmiary 24 cm.
504 ## - UWAGA DOTYCZĄCA BIBLIOGRAFII
Informacje o bibliografii Indeks.
650 #9 - HASŁO PRZEDMIOTOWE W FORMIE NAZWY OGÓLNEJ LUB JEDNOSTKOWEJ
Nazwa ogólna lub geograficzna Prawo cywilne
Określnik geograficzny Polska
Określnik chronologiczny stan na 1998 r.
700 1# - HASŁO DODATKOWE - NAZWA OSOBOWA
Nazwa osobowa RUDNICKI, Stanisław
Daty związane z nazwą (1926- ).
856 ## - LOKALIZACJA I DOSTĘP DO ELEKTRONICZNYCH DOKUMENTÓW ZDALNYCH
Link (URL) http://koha.tu.koszalin.pl/cgi-bin/koha/opac-detail.pl?biblionumber=33698
Tekst linku Katalog online BPK
942 ## - DODATKOWE ELEMENTY (KOHA)
Typ dokumentu Książka
Egzemplarze
Wycofany Status egzemplarza Uszkodzony Dostępność Lokalizacja stała Lokalizacja bieżąca Miejsce przechowywania Sygnatura Kod kreskowy Ostatnio wypożyczono Typ dokumentu
      Dostępny Biblioteka Politechniki Koszalińskiej Biblioteka Politechniki Koszalińskiej Wypożyczalnia BG 44988 01333060 15.10.2013 Książka
© 2023 Biblioteka Politechniki Koszalińskiej :: KOHA